<?xml version="1.0" encoding="UTF-8"?>
<record
    xmlns:xsi="http://www.w3.org/2001/XMLSchema-instance"
    xsi:schemaLocation="http://www.loc.gov/MARC21/slim http://www.loc.gov/standards/marcxml/schema/MARC21slim.xsd"
    xmlns="http://www.loc.gov/MARC21/slim">

  <leader>00270nam a2200109Ia 4500</leader>
  <controlfield tag="008">230206s9999    xx            000 0 und d</controlfield>
  <datafield tag="022" ind1=" " ind2=" ">
    <subfield code="a">0970-2385</subfield>
  </datafield>
  <datafield tag="041" ind1=" " ind2=" ">
    <subfield code="a">eng</subfield>
  </datafield>
  <datafield tag="245" ind1=" " ind2=" ">
    <subfield code="a">Abhigyan : The Management Journal of Fore</subfield>
  </datafield>
  <datafield tag="260" ind1=" " ind2=" ">
    <subfield code="b">Direct</subfield>
  </datafield>
  <datafield tag="650" ind1=" " ind2=" ">
    <subfield code="a">General Management</subfield>
  </datafield>
  <datafield tag="999" ind1=" " ind2=" ">
    <subfield code="c">97618</subfield>
    <subfield code="d">97618</subfield>
  </datafield>
  <datafield tag="952" ind1=" " ind2=" ">
    <subfield code="0">0</subfield>
    <subfield code="1">0</subfield>
    <subfield code="4">0</subfield>
    <subfield code="7">0</subfield>
    <subfield code="a">HIMR</subfield>
    <subfield code="b">HIMR</subfield>
    <subfield code="c">Received</subfield>
    <subfield code="d">2017-03-31</subfield>
    <subfield code="h">Vol No:34; Issue No:1</subfield>
    <subfield code="l">0</subfield>
    <subfield code="p">HIMR-RP-3073</subfield>
    <subfield code="r">2023-02-06 00:00:00</subfield>
    <subfield code="t">PD:2016-04-01:RD:2017-01-19</subfield>
    <subfield code="w">2023-02-06</subfield>
    <subfield code="y">LI</subfield>
    <subfield code="z">RP3073</subfield>
  </datafield>
  <datafield tag="952" ind1=" " ind2=" ">
    <subfield code="0">0</subfield>
    <subfield code="1">0</subfield>
    <subfield code="4">0</subfield>
    <subfield code="7">0</subfield>
    <subfield code="a">HIMR</subfield>
    <subfield code="b">HIMR</subfield>
    <subfield code="c">Received</subfield>
    <subfield code="d">2017-03-31</subfield>
    <subfield code="h">Vol No:34; Issue No:2</subfield>
    <subfield code="l">0</subfield>
    <subfield code="p">HIMR-RP-3074</subfield>
    <subfield code="r">2023-02-06 00:00:00</subfield>
    <subfield code="t">PD:2016-07-01:RD:2017-01-19</subfield>
    <subfield code="w">2023-02-06</subfield>
    <subfield code="y">LI</subfield>
    <subfield code="z">RP3074</subfield>
  </datafield>
  <datafield tag="952" ind1=" " ind2=" ">
    <subfield code="0">0</subfield>
    <subfield code="1">0</subfield>
    <subfield code="4">0</subfield>
    <subfield code="7">0</subfield>
    <subfield code="a">HIMR</subfield>
    <subfield code="b">HIMR</subfield>
    <subfield code="c">Received</subfield>
    <subfield code="d">2017-03-31</subfield>
    <subfield code="h">Vol No:34; Issue No:3</subfield>
    <subfield code="l">0</subfield>
    <subfield code="p">HIMR-RP-3075</subfield>
    <subfield code="r">2023-02-06 00:00:00</subfield>
    <subfield code="t">PD:2016-10-01:RD:2017-01-19</subfield>
    <subfield code="w">2023-02-06</subfield>
    <subfield code="y">LI</subfield>
    <subfield code="z">RP3075</subfield>
  </datafield>
  <datafield tag="952" ind1=" " ind2=" ">
    <subfield code="0">0</subfield>
    <subfield code="1">0</subfield>
    <subfield code="4">0</subfield>
    <subfield code="7">0</subfield>
    <subfield code="a">HIMR</subfield>
    <subfield code="b">HIMR</subfield>
    <subfield code="c">Received</subfield>
    <subfield code="d">2017-03-31</subfield>
    <subfield code="h">Vol No:34; Issue No:4</subfield>
    <subfield code="l">0</subfield>
    <subfield code="p">HIMR-RP-3284</subfield>
    <subfield code="r">2023-02-06 00:00:00</subfield>
    <subfield code="t">PD:2017-01-01:RD:2017-04-19</subfield>
    <subfield code="w">2023-02-06</subfield>
    <subfield code="y">LI</subfield>
    <subfield code="z">RP3284</subfield>
  </datafield>
</record>
